Aktív foglalkoztatáspolitikai eszközökkel a munkanélküliség ellen
Elmentve itt :
| Szerző: | |
|---|---|
| További közreműködők: | |
| Dokumentumtípus: | Szakdolgozat |
| Megjelent: |
1996
|
| Tárgyszavak: | |
| Online Access: | http://diploma.bibl.u-szeged.hu/23621 |
| LEADER | 00597nta a2200157 i 4500 | ||
|---|---|---|---|
| 001 | dipl23621 | ||
| 005 | 20130314082117.0 | ||
| 008 | 110912s1996 hu om 0|| zxx d | ||
| 040 | |a SZTE Diploma Repozitórium |b hun | ||
| 041 | |a zxx | ||
| 100 | 1 | |a Csehek Csilla Ágnes | |
| 245 | 1 | 0 | |a Aktív foglalkoztatáspolitikai eszközökkel a munkanélküliség ellen |h [elektronikus dokumentum] / |c Csilla Ágnes Csehek |
| 260 | |c 1996 | ||
| 650 | 4 | |a Jogi és igazgatási tanulmányok | |
| 700 | 1 | |a Tóth Ferenc |e ths | |
| 856 | 4 | 0 | |u http://diploma.bibl.u-szeged.hu/id/eprint/23621/1/1996_csehek_csilla_agnes.pdf |z Dokumentum-elérés |